书目信息 |
| 题名: |
实用混凝土大全
|
|
| 作者: | 冯乃谦 主编 | |
| 分册: | ||
| 出版信息: | 北京 科学出版社 2001.03 |
|
| 页数: | 1307页 | |
| 开本: | 29cm | |
| 丛书名: | ||
| 单 册: | ||
| 中图分类: | TU528-61 | |
| 科图分类: | ||
| 主题词: | 建筑材料:非金属材料 | |
| 电子资源: | ||
| ISBN: | 7-03-008918-9 | |
| 000 | 00569nam0 2200193 45 | |
| 001 | 0253071800 | |
| 005 | 2002041114443181 | |
| 010 | @a7-03-008918-9@dRMB 186.00 | |
| 100 | @a20020411d2001 km y0chiy0120 ea | |
| 101 | 0 | @achi |
| 102 | @aCN@b110000 | |
| 200 | 1 | @a实用混凝土大全@Ashi yong hun ning tu da quan@f冯乃谦主编@FFeng Nai Qian Zhu Bian |
| 210 | @a北京@c科学出版社@d2001.03 | |
| 215 | @a1307页@d29cm | |
| 606 | 0 | @a建筑材料:非金属材料 |
| 690 | @aTU528-61@v3 | |
| 701 | 0 | @a冯乃谦@AFeng Nai Qian@4主编 |
| 801 | 0 | @aCN@bPFT@c20020411 |
| 905 | @a10447@dTU528-61@eF495 | |
| 实用混凝土大全/冯乃谦主编.-北京:科学出版社,2001.03 |
| 1307页;29cm |
| ISBN 7-03-008918-9:RMB 186.00 |
| ● |
| 相关链接 |
|
|
|
正题名:实用混凝土大全
索取号:TU528-61/F495
 
预约/预借
| 序号 | 登录号 | 条形码 | 馆藏地/架位号 | 状态 | 备注 |
| 1 | 357612 | 203576120 | 建筑库201/ [索取号:TU528-61/F495] | 在馆 |